000 01095cam a2200217 4500
001 WB3846-17
008 021211n2002 000 0 eng u
035 _a(Sirsi) u120735
245 _aUK country report on animal genetic resources
260 _c2002
490 _aRICS Rural Faculty News
_v 10 December 2002
520 _aUK Country report on genetic resources for food and agriculture is published after a year's work reviewing the UK's farm animal breeding sector in the wake of disease epidemics. Report advocates the need to conserve and utilise more effectively Britain's traditional breeds which are either at risk of dying out or faced with a dramatic reduction in numbers. For the RICS Rural Faculty News: http://www.rics.org/ricscms/bin/show?class=News&template=/includes/shownews.html&id=4413 For the DEFRA Press Release: http://www.defra.gov.uk/news/2002/021128h.htm
590 _aWB
650 _aGENETICALLY MODIFIED FOODS
650 _aFARMING
650 _aRARE BREEDS
650 _aBSE
650 _aFOOT-AND-MOUTH DISEASE
690 _aRural
_96268
942 _n0
999 _c71746
_d71746